[Event "Biel HTO 56th"]
[Site "Biel"]
[Date "2023.07.27"]
[Round "10"]
[White "Coles, Robin"]
[Black "Malli, Suvirr"]
[Result "1-0"]
[WhiteElo "2070"]
[BlackElo "2094"]
[PlyCount "135"]
[EventDate "2023.07.17"]
[EventType "swiss"]
[EventRounds "10"]
[EventCountry "SUI"]
[SourceTitle "CBM 215 Extra"]
[Source "ChessBase"]
[SourceDate "2023.09.30"]
[SourceVersion "1"]
[SourceVersionDate "2023.09.30"]
[SourceQuality "1"]

1. e4 c5 2. Nf3 d6 3. Bb5+ Nd7 4. a4 Ngf6 5. Nc3 g6 6. a5 a6 7. Bc4 Bg7 8. Bxf7+ Kf8 9. Bc4 h6 10. 0-0 b5 11. axb6 Nxb6 12. Ba2 e6 13. d4 c4 14. e5 Nfd5 15. Ne4 dxe5 16. Nxe5 Bxe5 17. dxe5 Kg7 18. Qg4 Nb4 19. Bb1 Nc6 20. Bf4 Nd5 21. Nd6 h5 22. Qg5 Qxg5 23. Bxg5 Nxe5 24. f4 Nf7 25. Nxc4 Bb7 26. Na5 Rhb8 27. Nxb7 Rxb7 28. c4 Ne3 29. Rf3 Rb3 30. Ba2 Rd3 31. Re1 Nc2 32. Rxd3 Nxe1 33. Rd2 Nxg5 34. fxg5 Rf8 35. Bb1 Rf4 36. Re2 Nxg2 37. Kxg2 Rxc4 38. h3 Rb4 39. Ba2 e5 40. Bd5 a5 41. b3 a4 42. bxa4 Rxa4 43. Rxe5 Ra5 44. h4 Kf8 45. Kg3 Ra3+ 46. Bf3 Kf7 47. Rb5 Ra4 48. Rb6 Kg7 49. Rb7+ Kf8 50. Rb5 Kg7 51. Re5 Rb4 52. Be4 Rb3+ 53. Bf3 Rb4 54. Re4 Rb6 55. Kf4 Ra6 56. Rc4 Ra7 57. Rb4 Ra6 58. Rb7+ Kf8 59. Rc7 Ra1 60. Ke5 Ra5+ 61. Bd5 Ra4 62. Kf6 Rf4+ 63. Kxg6 Rxh4 64. Rf7+ Ke8 65. Rf5 Rh3 66. Kh7 Rg3 67. g6 h4 68. g7 1-0

[Event "Biel HTO 56th"]
[Site "Biel"]
[Date "2023.07.24"]
[Round "7"]
[White "Gemelli, Romain"]
[Black "Coles, Robin"]
[Result "1-0"]
[WhiteElo "2122"]
[BlackElo "2070"]
[PlyCount "95"]
[EventDate "2023.07.17"]
[EventType "swiss"]
[EventRounds "10"]
[EventCountry "SUI"]
[SourceTitle "CBM 215 Extra"]
[Source "ChessBase"]
[SourceDate "2023.09.30"]
[SourceVersion "1"]
[SourceVersionDate "2023.09.30"]
[SourceQuality "1"]

1. d4 d5 2. c4 e6 3. Nf3 Nf6 4. g3 Be7 5. Bg2 0-0 6. 0-0 c6 7. Qc2 b6 8. Nbd2 Bb7 9. e4 Na6 10. a3 c5 11. exd5 exd5 12. dxc5 bxc5 13. cxd5 Bxd5 14. Nc4 Be4 15. Qa4 Qc8 16. Re1 Bc6 17. Qc2 Re8 18. Bg5 h6 19. Bf4 Bf8 20. Rxe8 Qxe8 21. Re1 Qd8 22. Rd1 Qe7 23. Bd6 Qe4 24. Qxe4 Bxe4 25. Bxf8 Kxf8 26. Rd6 Nc7 27. Nfe5 Bxg2 28. Kxg2 Ne6 29. Ra6 Nd5 30. Ra5 f6 31. Nd7+ Ke7 32. Nxc5 Nec7 33. Na6 Kd7 34. Nxc7 Nxc7 35. b4 Kc6 36. Rc5+ Kd7 37. Kf3 Re8 38. Ne3 a6 39. Nf5 Rg8 40. h4 h5 41. Ne7 Re8 42. Ng6 Nb5 43. Rxh5 Nxa3 44. Ra5 Nc2 45. Rxa6 Nxb4 46. Ra7+ Ke6 47. Nf4+ Kd6 48. Rxg7 1-0

[Event "Biel HTO 56th"]
[Site "Biel"]
[Date "2023.07.21"]
[Round "5"]
[White "Misiano, Franco"]
[Black "Coles, Robin"]
[Result "1/2-1/2"]
[WhiteElo "2133"]
[BlackElo "2070"]
[PlyCount "78"]
[EventDate "2023.07.17"]
[EventType "swiss"]
[EventRounds "10"]
[EventCountry "SUI"]
[SourceTitle "CBM 215 Extra"]
[Source "ChessBase"]
[SourceDate "2023.09.30"]
[SourceVersion "1"]
[SourceVersionDate "2023.09.30"]
[SourceQuality "1"]

1. e4 e6 2. d4 d5 3. Nd2 c5 4. exd5 exd5 5. Ngf3 Nc6 6. Bb5 Qe7+ 7. Be2 Qc7 8. 0-0 Nf6 9. Bb5 cxd4 10. Re1+ Be7 11. Nxd4 0-0 12. Bxc6 bxc6 13. h3 Bd6 14. N2f3 h6 15. Be3 Bd7 16. Qc1 Ne4 17. Ne2 c5 18. Bf4 Rfe8 19. Bxd6 Qxd6 20. Qf4 Rab8 21. Qxd6 Nxd6 22. b3 g5 23. Rad1 Bc6 24. Ng3 f6 25. Rxe8+ Rxe8 26. Re1 a5 27. a4 d4 28. Rxe8+ Bxe8 29. Kf1 Bg6 30. Ne1 Kf7 31. Nd3 c4 32. bxc4 Nxc4 33. Ne2 Na3 34. Ke1 Nxc2+ 35. Kd2 Na3 36. Nxd4 Nc4+ 37. Kc3 Bxd3 38. Kxd3 Nb2+ 39. Ke3 Nxa4 1/2-1/2

[Event "Biel HTO 56th"]
[Site "Biel"]
[Date "2023.07.19"]
[Round "3"]
[White "Perkampus, Laurin"]
[Black "Coles, Robin"]
[Result "0-1"]
[WhiteElo "2197"]
[BlackElo "2070"]
[PlyCount "82"]
[EventDate "2023.07.17"]
[EventType "swiss"]
[EventRounds "10"]
[EventCountry "SUI"]
[SourceTitle "CBM 215 Extra"]
[Source "ChessBase"]
[SourceDate "2023.09.30"]
[SourceVersion "1"]
[SourceVersionDate "2023.09.30"]
[SourceQuality "1"]

1. d4 d5 2. c4 e6 3. Nc3 Nf6 4. cxd5 exd5 5. Bg5 c6 6. e3 h6 7. Bh4 Be7 8. Bd3 0-0 9. Nge2 Re8 10. 0-0 Nbd7 11. Qc2 Ne4 12. Bxe7 Qxe7 13. Bxe4 dxe4 14. d5 Nf6 15. dxc6 bxc6 16. Na4 Ba6 17. Rfe1 Bd3 18. Qc5 Qc7 19. Rac1 Ng4 20. Qh5 Ne5 21. Ng3 Rab8 22. b3 Rb5 23. Qh4 Ng6 24. Qh3 Rd5 25. Nc3 Rg5 26. Nce2 Ba6 27. Nd4 Bc8 28. Rxc6 Qa5 29. Rxc8 Qxe1+ 30. Nf1 Rxc8 31. Qxc8+ Kh7 32. Qc4 Ne5 33. Qc2 Nd3 34. Qd2 Qb1 35. a4 Rc5 36. Ne2 Rc2 37. Qa5 Rc5 38. Qxa7 Qe1 39. Neg3 Qxf2+ 40. Kh1 Rc1 41. h3 Ne1 0-1

[Event "Angers op 16th"]
[Site "Angers"]
[Date "2023.05.21"]
[Round "5"]
[White "Le Goff, Ronan"]
[Black "Coles, Robin"]
[Result "1-0"]
[WhiteElo "2323"]
[BlackElo "2075"]
[PlyCount "97"]
[EventDate "2023.05.19"]
[EventType "swiss"]
[EventRounds "6"]
[EventCountry "FRA"]
[SourceTitle "CBM 214 Extra"]
[Source "ChessBase"]
[SourceDate "2023.07.31"]
[SourceVersion "1"]
[SourceVersionDate "2023.07.31"]
[SourceQuality "1"]

1. Nf3 d5 2. g3 Nf6 3. Bg2 e6 4. 0-0 Be7 5. c4 0-0 6. b3 b6 7. Bb2 Bb7 8. cxd5 exd5 9. d3 c5 10. Nbd2 Nbd7 11. Qc2 Re8 12. Rfe1 Bd6 13. e4 Qc7 14. Rad1 Rad8 15. Qb1 Ba6 16. exd5 Nxd5 17. Qa1 N5f6 18. Ne4 Be7 19. Ne5 Nxe4 20. dxe4 Bf6 21. Ng4 Bxb2 22. Qxb2 f6 23. Ne3 Ne5 24. Nd5 Qf7 25. Qc3 Nc6 26. h3 Nd4 27. Kh2 Qh5 28. Nf4 Qe5 29. Qc1 Bb5 30. Kh1 Rd6 31. Nd3 Qh5 32. b4 c4 33. Nf4 Qf7 34. Nd5 Nc6 35. Nc3 Rxd1 36. Rxd1 Nxb4 37. Nxb5 Nd3 38. Qc2 Rd8 39. Nc3 Qh5 40. Kh2 Qc5 41. Nd5 Kf8 42. Nf4 Rd6 43. Nxd3 cxd3 44. Qd2 Qd4 45. Qe3 Qc4 46. Rd2 Rd4 47. e5 fxe5 48. Qxe5 Qc3 49. Qe3 1-0

[Event "Sitges Sunway op 9th"]
[Site "Sitges"]
[Date "2022.12.20"]
[Round "8"]
[White "Coles, Robin"]
[Black "Arjun, C Krishnamachari"]
[Result "0-1"]
[WhiteElo "2051"]
[BlackElo "2241"]
[PlyCount "112"]
[EventDate "2022.12.12"]
[EventType "swiss"]
[EventRounds "10"]
[EventCountry "ESP"]
[SourceTitle "CBM 211 Extra"]
[Source "ChessBase"]
[SourceDate "2023.01.31"]
[SourceVersion "1"]
[SourceVersionDate "2023.01.31"]
[SourceQuality "1"]

1. e4 e5 2. Nf3 Nc6 3. Bb5 Nge7 4. 0-0 g6 5. c3 Bg7 6. d4 0-0 7. d5 a6 8. Bc4 Na5 9. Be2 b6 10. b4 Nb7 11. c4 a5 12. Bb2 d6 13. a3 f5 14. Nfd2 c5 15. Qb3 axb4 16. axb4 Rxa1 17. Bxa1 cxb4 18. Qxb4 Nc5 19. Bd3 Bh6 20. Qc3 Qc7 21. f4 Bg7 22. Qc2 fxe4 23. fxe5 Rxf1+ 24. Bxf1 dxe5 25. Nxe4 Bf5 26. Bd3 Nxe4 27. Bxe4 Qc5+ 28. Kf1 Kf8 29. Nd2 Nxd5 30. cxd5 Qxc2 31. Bxc2 Bxc2 32. Ke2 b5 33. Nf3 Be4 34. Nxe5 Bxd5 35. g3 Ke8 36. Bc3 Be6 37. Kd1 Bf8 38. Nc6 Kd7 39. Nb4 Kd6 40. Nd3 Kc6 41. Kc1 Bf5 42. Ne5+ Kd5 43. Nf3 Kc4 44. Bf6 Ba3+ 45. Kd2 b4 46. Ke3 b3 47. Nd2+ Kb4 48. Nxb3 Kxb3 49. Kf3 h5 50. h4 Kc4 51. Be5 Kd3 52. Bf4 Bc5 53. Kg2 Ke2 54. Bc7 Bg4 55. Bb8 Bf3+ 56. Kh2 Kf1 0-1

[Event "FRA-ch op-B"]
[Site "Albi"]
[Date "2022.08.17"]
[Round "5"]
[White "Villeneuve, Samuel"]
[Black "Coles, Robin"]
[Result "0-1"]
[WhiteElo "1869"]
[BlackElo "1932"]
[PlyCount "70"]
[EventDate "2022.08.13"]
[EventType "swiss"]
[EventRounds "9"]
[EventCountry "FRA"]
[SourceTitle "CBM 210 Extra"]
[Source "ChessBase"]
[SourceDate "2022.11.30"]
[SourceVersion "1"]
[SourceVersionDate "2022.11.30"]
[SourceQuality "1"]

1. d4 d5 2. Bf4 c5 3. e3 Nf6 4. Nf3 Nc6 5. Nbd2 Nh5 6. Be5 e6 7. c3 f6 8. Bg3 cxd4 9. exd4 g6 10. Bd3 Bg7 11. Qc2 0-0 12. 0-0-0 a5 13. a4 Nxg3 14. hxg3 Bd7 15. Rh2 Nb4 16. Qb1 Nxd3+ 17. Qxd3 Qe8 18. Rdh1 h6 19. b3 b5 20. axb5 Bxb5 21. Qe3 Qe7 22. Kb2 a4 23. b4 Rfc8 24. Nb1 e5 25. Na3 Ba6 26. dxe5 fxe5 27. Re1 d4 28. Nxd4 Qd6 29. Ndc2 Qd5 30. Na1 Rxc3 31. Kxc3 e4+ 32. Kc2 Qa2+ 33. Kc1 Qb2+ 34. Kd1 Rd8+ 35. Qd2 Rxd2# 0-1

[Event "FRA-ch op-B"]
[Site "Albi"]
[Date "2022.08.16"]
[Round "4"]
[White "Coles, Robin"]
[Black "Cazeaux, Didier"]
[Result "1/2-1/2"]
[WhiteElo "1932"]
[BlackElo "1893"]
[PlyCount "67"]
[EventDate "2022.08.13"]
[EventType "swiss"]
[EventRounds "9"]
[EventCountry "FRA"]
[SourceTitle "CBM 210 Extra"]
[Source "ChessBase"]
[SourceDate "2022.11.30"]
[SourceVersion "1"]
[SourceVersionDate "2022.11.30"]
[SourceQuality "1"]

1. e4 d6 2. d4 g6 3. Nc3 Bg7 4. Be3 a6 5. Qd2 b5 6. f3 Nd7 7. h4 h6 8. Bd3 c5 9. dxc5 dxc5 10. Nh3 Bb7 11. 0-0-0 Rc8 12. Be2 Ngf6 13. g4 b4 14. Nb1 Qc7 15. g5 hxg5 16. hxg5 Nh5 17. Nf4 Ng3 18. Rxh8+ Bxh8 19. Bc4 Nb6 20. Bb3 c4 21. Bxb6 Qxb6 22. Ba4+ Kf8 23. c3 Be5 24. Ng2 Bd6 25. Bc2 Rd8 26. e5 Bc7 27. Qe1 Rxd1+ 28. Bxd1 Nf5 29. cxb4 Qd4 30. Nc3 Bxe5 31. Qd2 Qxd2+ 32. Kxd2 Nd4 33. Ke3 Nf5+ 34. Kd2 1/2-1/2